00664 2200217 4500001002100000005001500021008004100036020002200077035002500099041000800124082001100132090001100143100002300154245010100177250001600278260004000294300003400334650001900368650003800387700002100425INLIS00000000002066420130516063530 ind  a978-602-8326-02-5 a0010-051300000020664 aind a297.13 a297.13 aMuhammad, bin Umar aAmar Ma'ruf Nahi Mungkar Terhadap Pemerintah / editor, Abdullah, Taslim; penerjemah, Abu, Hafizh aCetakan : 1 aYogjakartabMaktabah Al-Hanifc2009 axii, 160 hlm. : ilus. ;21 cm. aKumpulan Hadis aBersikap Baik Terhadap Pemerintah aFawaz, bin Yahya